1488 1818 1050 1704 1641 1082 1231 1038 1455 1327 1451 1036 1680 1307 1602 1023 1996 1833 1076 1139 1482 1754 1571 1118 1723 1246 1593 1888 1188 1897 1739 1881 1762 1781 1250 1555 1142 1446 1100 1739 1011 1998 1268 1877 1079 1247 1693 1553 1842 1293 1254 1825 1157 1109 1836 1081 1834 1451 1963 1559 1099 1861 1934 1247 1747 1867 1389 1398 1963 1804 1355 1646 1964 1291 1424 1969 1656 1316 1241 1365 1105 1990 1924 1040 1896 1686 1729 1440 1429 1618 1581 1377 1414 1827 1257 1644 1424 1857 1021 BCNSPRNW ULIB Ver.6.0+V

เปลี่ยนเป็นภาษาไทย

Change to English
 แสดงรายละเอียดบรรณานุกรม
  กลับหน้าหลัก

Brief Record : Get Marc (ISO 2709) : E-mail record : QR code < ปิดหน้าต่าง
LEADER : 00000nam 2200000uu 4500
001    13399111712
003     ULIB
008    110706s2549||||th 000 0 tha d
050 04 BQ4570^bอ679ด 2549
100 0  พระอาจารย์อำนาจ โอภาโส
245 10 ดุจวิถี..นายช่างร้อยดอกไม้ /^cพระอาจารย์อำนาจ โอภาโส
260    นนทบุรี :^bโรงพิมพ์สไมล์สยาม,^c2549
300    51 หน้า
650  7 ธรรมะ
650  7 ธรรมะกับชีวิต
945    ^p0^l0^i019312
995    ทศพร
999 ^a ใช้งานได้ทุกระบบ
รายการนี้ยังไม่มีแท็ก
คุณยังไม่ได้ล็อกอิน คุณสามารถมีกิจกรรมร่วมกับเว็บไซต์ได้ แต่ต้องล็อกอินก่อน ::
  ล็อกอิน

รายการสื่อสารสนเทศ

ลำดับที่ ประเภท เลขเรียก/บาร์โค้ด สถานที่ สถานะ
- ไม่พบข้อมูล -

รายการใกล้เคียง
    ผู้แต่ง [พระอาจารย์อำนาจ โอภาโส]

    หัวเรื่อง [ธรรมะ]
    หัวเรื่อง [ธรรมะกับชีวิต]

BibComment


ยังไม่เคยถูกคอมเมนท์

คอมเมนท์ทรัพยากรรายการนี้
  คอมเมนท์: ดุจวิถีนายช่างร้อ..


 Copyright 2026. Bcnsprnw @Library